Readings in the physical sciences and technology (Record no. 4508)

MARC details
000 -LEADER
fixed length control field 00543nam a2200169Ia 4500
003 - CONTROL NUMBER IDENTIFIER
control field IN-BaIIA
008 - FIXED-LENGTH DATA ELEMENTS--GENERAL INFORMATION
fixed length control field 211028s9999 xx 000 0 eng d
040 ## - CATALOGING SOURCE
Transcribing agency IIA Library
080 ## - UNIVERSAL DECIMAL CLASSIFICATION NUMBER
Universal Decimal Classification number 530.1
Item number SCI
110 ## - MAIN ENTRY--CORPORATE NAME
Corporate name or jurisdiction name as entry element Scientific American Resource Library
9 (RLIN) 7902
245 #0 - TITLE STATEMENT
Title Readings in the physical sciences and technology
Remainder of title vol. 1
Statement of responsibility, etc. Scientific American Resource Library
260 ## - PUBLICATION, DISTRIBUTION, ETC.
Place of publication, distribution, etc. San Francisco
Name of publisher, distributor, etc. W. H. Freeman
Date of publication, distribution, etc. 1969
300 ## - PHYSICAL DESCRIPTION
Extent 388p.
650 ## - SUBJECT ADDED ENTRY--TOPICAL TERM
Topical term or geographic name entry element Astronomy and Astrophysics Thesaurus 
9 (RLIN) 1143
650 ## - SUBJECT ADDED ENTRY--TOPICAL TERM
Topical term or geographic name entry element Physics-General
9 (RLIN) 1580
942 ## - ADDED ENTRY ELEMENTS (KOHA)
Koha item type Books
Holdings
Withdrawn status Lost status Damaged status Not for loan Home library Current library Shelving location Date acquired Total Checkouts Full call number Barcode Date last seen Price effective from Koha item type
        IIA Library-Bangalore IIA Library-Kavalur General Stacks 26/09/1974   530.1/ SCI 5034 05/11/2021 26/09/1974 Books

Powered by Koha